Random Island by Description - Statistics

General Stats
  • This quiz has been taken 30 times
  • The average score is 7 of 10
Answer Stats
Answer % Correct
Ice, Cold, Large Greenland
96%
Kangaroos, Venomous, Hot Australia
88%
Fish and Chips, Counties, Stonehenge Great Britain
79%
Baobabs, Wildlife, Tropical Madagascar
79%
Old Cars, Communist, Spanish Cuba
75%
Moai, Pacific, Chile Easter Island
75%
Desert, Small, Middle East Bahrain
71%
Osaka, Robots, Populated Honshu
63%
Nightlife, Mediterranean, Spain Ibiza
63%
Canada, Mount Thor, Iqaluit Baffin Island
58%
No matching quizzes found
Score Distribution
Percent of People with Each Score
Percentile by Number Answered
Your Score History
You have not taken this quiz